000 00680nam a2200277Ia 4500
005 20260324130615.0
008 008 260324s9999 xx 000 0 eng d
020 _a9781315240077
037 _aEBOOK
040 _aCRL
040 _beng
040 _cCRL
041 _2eng
041 _aeng
084 _qCRL
100 _aRonald Wintrobe; Albert Breton; Gianluigi Galeotti
_91182413
245 4 _aThe Economics of Transparency in Politics
260 _bTaylor and Francis
260 _c2007
365 _a
365 _b240
856 _uhttp://www.taylorfrancis.com/books/9781315240077
942 _cEBOOK
999 _c1778728
_d1778728